[Event "DANMJ"]
[Site "?"]
[Date "1998.04.07"]
[Round "6"]
[White "Lie, Kjetil A."]
[Black "Jensen, Bjarke"]
[Result "0-1"]
[WhiteElo "2210"]
[BlackElo "2110"]
[PlyCount "40"]

1. e4 g6 2. d4 Nf6 3. e5 Nh5 4. Be2 d6 5. f4 c5 6. c3 dxe5 7. fxe5 Nc6 8. Nf3
Bg4 9. O-O Qb6 10. Ng5 Bxe2 11. Qxe2 cxd4 12. Kh1 12... Bh6 {} 13. Nxf7 (13.
e6 f6 14. Nf7 Bxc1 15. Rxc1 15... Rf8 {og e6 blir svakt etterhvert.}) 13...
Bxc1 14. Nxh8 Bxb2 15. Nd2 Bxa1 16. Nc4 Qc5 17. Nf7 Bxc3 18. e6 Qd5 19. Nfd6+
$2 {Hvit oversa svarts enkle 20.trekk.} 19... exd6 20. Qf2 O-O-O 0-1

[Event "DANMJ"]
[Site "?"]
[Date "1998.04.07"]
[Round "6"]
[White "Ballo, Emanuel"]
[Black "Johannessen, Leif E."]
[Result "1/2-1/2"]
[WhiteElo "2200"]
[BlackElo "2290"]
[Annotator "Ballo, Johannessen"]
[PlyCount "43"]

1. d4 e6 2. c4 Nf6 3. Nc3 Bb4 4. Qc2 O-O 5. a3 Bxc3+ 6. Qxc3 Ne4 7. Qc2 f5 8.
Nh3 {Sannsynligvis det beste.} 8... Nc6 9. e3 d6 10. f3 (10. Bd3 e5 11. d5 Ne7
12. Bxe4 fxe4 13. Qxe4 Bxh3 14. gxh3 14... Ng6 {
med godt spill for den ofrede bonden.}) 10... Nf6 11. b4 $5 $146 (11. Be2 e5
12. d5 Ne7 13. Nf2 Bd7 14. O-O a5 15. b3 $14 {
Sokolov - de Firmian, Antwerpen 1996.}) 11... e5 12. b5 Ne7 13. Nf2 (13. Be2
13... f4 $1 $17) 13... Ng6 14. Be2 Qe7 15. O-O Bd7 16. Bd2 $1 ({Svakere er} 16.
Bb2 16... exd4 17. exd4 17... Nf4 {med godt spill.}) 16... Rae8 (16... exd4 17.
exd4 17... Bxb5 $5 (17... Qxe2 18. Rae1 Nf4 19. g3 $1 $16) 18. Bd3 $8 (18. cxb5
$2 18... Qxe2 19. Rfe1 Qxb5 20. Qxc7 20... Qc6 $17) 18... Bd7 19. Bxf5 Bxf5 20.
Qxf5 Qe2 21. Qd3 Qxd3 22. Nxd3 $14 {Svarts springere har ingen gode felter a
etablere seg pa, og hvits loper er bedre.}) 17. Rfe1 (17. Rae1 {
er kanskje bedre.}) 17... Qf7 18. Rad1 (18. c5 $2 18... Nd5 $1) 18... e4 (18...
f4 $2 19. exf4 Nxf4 20. dxe5 dxe5 21. Bb4 $16) 19. f4 {} 19... Nxf4 $6 {
Forer til en svart remispreget stilling.} ({
En skarpere og bedre fortsettelse var} 19... Nh4 $1 20. Kh1 (20. Rc1 $2 20...
Qg6 21. g3 21... Nf3+ $1 22. Bxf3 exf3 23. Qd1 23... Ne4 $17) 20... h6 21. Nh3
(21. Rc1 $2 21... g5 $1) 21... Qg6 22. Bf1 22... Ng4 {med initiativ til svart.}
) 20. exf4 e3 21. Bxe3 Rxe3 22. Bd3 {Diese hochkomplizierte, hochkaraetige von
Spannung nicht zu uebertreffende auf Grossmeisterniveau gespielte Schachpartie
hatte einfach keinen Sieger verdient; deshalb:} 1/2-1/2

[Event "DANMJ"]
[Site "?"]
[Date "1998.04.07"]
[Round "6"]
[White "Hansen, Torbjorn"]
[Black "Sagafos, Magne"]
[Result "1-0"]
[WhiteElo "2065"]
[BlackElo "1819"]
[PlyCount "53"]

1. c4 e5 2. Nc3 g6 3. Nf3 Bg7 4. d4 exd4 5. Bg5 Bf6 6. Bxf6 Nxf6 7. Qxd4 O-O 8.
h4 h5 9. Nd5 Nxd5 10. cxd5 d6 11. e3 Bf5 12. Qf4 c5 13. Be2 Qf6 14. O-O Nd7 15.
Nd2 Rfe8 16. Bb5 {} 16... Qxb2 17. Bxd7 Bxd7 18. Nc4 Qb4 19. Rab1 Qa4 20. Rxb7
Red8 21. Rc1 Be8 22. e4 Qa6 23. Re7 Rab8 24. Qf6 Qxa2 25. Nxd6 Qa6 26. Nxe8
Qxf6 27. Nxf6+ 1-0

[Event "DANMJ"]
[Site "?"]
[Date "1998.04.07"]
[Round "6"]
[White "Ferkingstad, Sjur"]
[Black "Lehiste, Margus"]
[Result "1/2-1/2"]
[WhiteElo "1897"]
[BlackElo "2096"]
[PlyCount "36"]

1. e4 e5 2. f4 d5 3. exd5 e4 4. Nc3 Nf6 5. b3 Bb4 6. Bb2 O-O 7. Nge2 Nxd5 8.
Nxd5 Qxd5 9. Nc3 Qf5 10. g3 e3 11. Bd3 Qc5 12. Qf3 exd2+ 13. Kxd2 Rd8 14. a3
Bxc3+ 15. Bxc3 Bf5 16. Rhe1 Bxd3 17. cxd3 Nc6 18. Qe4 Rd5 1/2-1/2

[Event "DANMJ"]
[Site "?"]
[Date "1998.04.07"]
[Round "6"]
[White "Trygstad, Kristian"]
[Black "Almstrom, Martin"]
[Result "1-0"]
[WhiteElo "2205"]
[BlackElo "2195"]
[PlyCount "93"]

1. e4 c5 2. Nf3 Nc6 3. Nc3 d6 4. d4 cxd4 5. Nxd4 Nf6 6. Bg5 e6 7. Qd2 a6 8.
O-O-O h6 9. Be3 Be7 10. f4 Nxd4 11. Bxd4 b5 12. Bd3 Bb7 13. Kb1 O-O (13... b4
14. Na4 Nxe4 15. Qxb4 $13) 14. Rhe1 b4 15. Na4 (15. Ne2 Nxe4 16. Bxe4 Bxe4 17.
Bxg7 Bxc2+ 18. Kxc2 Kxg7 19. Qxb4 $15) 15... Rb8 16. Qe3 $5 16... Qa5 (16...
Bc6 17. Bxf6 (17. Nb6 17... e5 $19) 17... Bxf6 (17... gxf6 18. e5 $40) 18. e5
Be7 19. exd6 Bxd6 20. Nc5 $13) 17. b3 Bc6 18. Nb6 18... d5 {} (18... e5 19.
Nc4 exd4 20. Nxa5 dxe3 21. Nxc6 $18) 19. e5 $5 19... Nd7 (19... Ne8 20. f5 Bd8
21. f6 Bxb6 22. Bxb6 Qxb6 23. fxg7 Kxg7 24. Qg3+ Kh8 25. Qf4 Kg7 26. Re3 $18) (
19... Ng4 20. Qg3 Bc5 21. Bxc5 Qxc5 22. Qxg4 Rxb6 23. f5 $36) 20. Nxd7 Bxd7 21.
Qg3 $1 21... Bc5 22. Bb2 22... d4 {
Svart har fatt lopt fra seg, na er det hvits tur.} 23. Qf3 Qb6 24. g4 24... f6
$2 {Etter dette kollapser svart totalt.} 25. exf6 Rxf6 26. Qe4 {
Hvit trenger inn pa de lyse feltene.} 26... Qd6 27. Qh7+ Kf7 28. g5 hxg5 29.
fxg5 Rf4 30. Rf1 Ke7 (30... e5 31. Bc4+ Be6 32. Rxf4+ exf4 33. Qf5+ Ke7 34. Re1
$18) 31. Qxg7+ Kd8 32. Bc1 Rxf1 33. Rxf1 e5 34. Re1 Kc7 35. Qxe5 Qxe5 36. Rxe5
Bd6 37. Re2 Rh8 38. Bb2 Rg8 39. g6 Be8 40. Rg2 Be5 41. Bc1 Kd6 42. Bh6 Bf6 43.
g7 Bf7 44. Bh7 Re8 45. Bd2 a5 46. g8=Q Bxg8 47. Bxg8 1-0

[Event "DANMJ"]
[Site "?"]
[Date "1998.04.07"]
[Round "6"]
[White "Johansen, Terje"]
[Black "Osttveit, Martin"]
[Result "1/2-1/2"]
[WhiteElo "2260"]
[BlackElo "1843"]
[PlyCount "103"]

1. d4 d5 2. c4 e6 3. Nc3 f5 4. cxd5 exd5 5. Bf4 c6 6. e3 Nf6 7. Bd3 Bd6 8. Nge2
O-O 9. Qc2 Ne4 10. O-O Qe7 11. Rae1 g5 12. Bxd6 Nxd6 13. Ng3 Qf7 14. f3 f4 15.
Nh1 Qg7 16. Nf2 Na6 17. a3 fxe3 18. Rxe3 Nf5 19. Bxf5 Bxf5 20. Qd2 Rae8 21.
Rfe1 Nc7 22. Re5 h6 23. h3 Qf7 24. R1e3 Rxe5 25. Rxe5 Re8 26. f4 Rxe5 27. fxe5
Ne6 28. b4 Qc7 29. Ne2 Qf7 30. Nd1 Bg6 31. Ne3 h5 32. Nd1 Qd7 33. Ndc3 b6 34.
a4 a6 35. h4 gxh4 36. Nf4 Nxf4 37. Qxf4 Qg4 38. Qxg4 hxg4 39. b5 axb5 40. axb5
Be8 41. Kf2 Kf7 42. Ke3 Kg6 43. Kf4 Kh5 44. bxc6 Bxc6 45. e6 h3 46. gxh3 gxh3
47. Kg3 Kg6 48. e7 Kf7 49. Kxh3 Kxe7 50. Kg3 b5 51. Na2 Ke6 52. Kf4 1/2-1/2

[Event "DANMJ"]
[Site "?"]
[Date "1998.04.07"]
[Round "6"]
[White "Hjort, Jens L."]
[Black "Kimari, Patrick"]
[Result "1-0"]
[WhiteElo "1991"]
[BlackElo "2150"]
[PlyCount "49"]

1. e4 d5 2. exd5 Nf6 3. c4 e6 4. dxe6 Bxe6 5. Nf3 Nc6 6. Be2 Bc5 7. O-O Qd7 8.
Nc3 O-O 9. d3 Rad8 10. Bg5 Bd4 11. Qd2 a6 12. Rad1 Qe7 13. Qf4 h6 14. Nxd4 Rxd4
15. Bxf6 Qxf6 16. Qxc7 Rd7 17. Qg3 Nd4 18. Bg4 Nf5 19. Qh3 Rd4 20. f4 Ne3 21.
Qxe3 Bxg4 22. Rd2 Rdd8 23. Nd5 Qd6 24. Qe7 24... Qc6 $4 25. Qxd8 1-0

[Event "DANMJ"]
[Site "?"]
[Date "1998.04.07"]
[Round "6"]
[White "Hagesather, Ellen"]
[Black "Mellem, Nikolas A."]
[Result "1/2-1/2"]
[WhiteElo "2045"]
[BlackElo "1648"]
[PlyCount "126"]

1. Nf3 Nf6 2. g3 g6 3. Bg2 Bg7 4. d3 d5 5. O-O c5 6. Nbd2 Nc6 7. e4 O-O 8. h3
b6 9. exd5 Nxd5 10. Nc4 Bb7 11. Re1 Re8 12. Nfe5 Nxe5 13. Nxe5 Qc7 14. f4 Nb4
15. Qe2 Nc6 16. c3 e6 17. Ng4 Rad8 18. Be3 Ne7 19. Bf2 Ba6 20. Rad1 Rd6 21. Ne5
$2 {Holder ikke i lengden. Bf1 og Qc2 matte proves.} 21... Red8 22. Nc4 R6d7
23. Qc2 Nc6 24. g4 b5 25. Ne3 b4 26. Nc4 bxc3 27. bxc3 Bxc4 28. dxc4 Rxd1 29.
Rxd1 Rxd1+ 30. Qxd1 Bxc3 31. Qf3 Nd4 32. Bxd4 cxd4 33. Bf1 Qa5 34. Qf2 Qc5 35.
Bd3 Qa3 36. f5 exf5 37. gxf5 Qc1+ 38. Kh2 Qe3 39. Qxe3 dxe3 40. fxg6 hxg6 41.
Kg3 Kf8 42. Kf3 Bd4 43. Ke4 Bb6 44. Kd5 Ke7 45. c5 Ba5 46. Ke4 Bd2 47. Be2 f6
48. Kd5 f5 49. c6 Ba5 50. Kd4 f4 51. Kd3 Kf6 52. Bg4 Kg5 53. Ke2 Bc7 54. Kf3
Kf6 55. Ke2 Ke5 56. Bf3 Kd4 57. Bg4 57... g5 {Vi ser det som er veldig typisk
for ulikefargede lopersluttspill, den materielt underlegne spilleren kan ofte
forsvare seg allikevel, spesielt nar motparten har alle sine bonder pa samme
farge som sin egen loper.} 58. Bf3 a5 59. Bh5 Kc3 60. Bg4 a4 61. Bh5 Kb2 62.
Bf7 Kc3 63. Bh5 Kd4 1/2-1/2

[Event "DANMJ"]
[Site "?"]
[Date "1998.04.07"]
[Round "6"]
[White "Leer-Salvesen, Bjarte"]
[Black "Lie, Espen"]
[Result "1-0"]
[WhiteElo "2235"]
[BlackElo "1808"]
[PlyCount "53"]

1. c4 e6 2. Nf3 Nf6 3. g3 d5 4. cxd5 exd5 5. Bg2 c5 6. d4 Nc6 7. O-O 7... Bf5
$6 {Litt for langt, senere ma den tilbake, og da blir det tempotap.} 8. Nc3 a6
9. Bg5 Be6 10. Rc1 {} 10... cxd4 $6 {Svart har fatt store problemer med
utviklingen, og hvit presser pa med en kombinasjon av bindinger og direkte
trusler. Dette var ikke maten a gjore det pa, men det er jo litt drastisk a
mattespille c4 ogsa. Det bryter med posisjonelle regler.} 11. Nxd4 Nxd4 12.
Qxd4 Be7 13. Rfd1 O-O 14. Bf4 Qa5 15. Nxd5 Nxd5 16. Bxd5 Rfd8 17. e4 Rd7 18.
Qc3 Bb4 19. Qb3 Bxd5 20. Rxd5 Rxd5 21. exd5 Re8 22. Bc7 b6 23. d6 Bc5 24. d7
Re1+ 25. Kg2 Rxc1 26. d8=Q+ Bf8 27. Bd6 1-0

[Event "DANMJ"]
[Site "?"]
[Date "1998.04.07"]
[Round "6"]
[White "Borchgrevink, Harald"]
[Black "Bae, Torstein"]
[Result "1/2-1/2"]
[WhiteElo "1848"]
[BlackElo "2180"]
[PlyCount "134"]

1. d4 d6 2. g3 g6 3. Bg2 Bg7 4. c3 Nf6 5. e4 O-O 6. Ne2 Nbd7 7. O-O e5 8. f4
Qe7 9. Re1 b6 10. Qc2 Bb7 11. Nd2 c5 12. fxe5 dxe5 13. d5 Ne8 14. c4 Nd6 15.
Nf3 Ba6 16. b3 b5 17. cxb5 Nxb5 18. Qd2 Qd6 19. Bb2 Nd4 20. Nexd4 exd4 21. Rac1
h6 22. b4 Rac8 23. bxc5 Nxc5 24. Ba3 Rfe8 25. Bxc5 Rxc5 26. Nxd4 Rxc1 27. Rxc1
Qb6 28. Rd1 Rc8 29. Bf1 Bxd4+ 30. Qxd4 Qxd4+ 31. Rxd4 31... Rc1 {} 32. d6 Bxf1
33. d7 Bh3+ 34. Kf2 Rc2+ 35. Kf3 Bxd7 36. Rxd7 Rxa2 37. Kf4 Ra5 38. h4 Kf8 39.
Rb7 Ke8 40. g4 g5+ 41. hxg5 hxg5+ 42. Ke3 Kf8 43. Rc7 a6 44. Rd7 Rb5 45. Ra7 a5
46. Kd4 Kg7 47. Kc4 Rb4+ 48. Kd5 a4 49. Ke5 Rb5+ 50. Kd6 Rb3 51. Rxa4 Rf3 52.
Ke5 Rf4 53. Ra7 Kg6 54. Ra6+ f6+ 55. Kd5 Rxg4 56. e5 Rf4 57. Rxf6+ Rxf6 58.
exf6 Kxf6 59. Ke4 Ke6 60. Kf3 Kf5 61. Kg3 g4 62. Kg2 Kf4 63. Kf2 g3+ 64. Kg2
Kg4 65. Kg1 Kh3 66. Kh1 g2+ 67. Kg1 Kg3 1/2-1/2

[Event "DANMJ"]
[Site "?"]
[Date "1998.04.07"]
[Round "6"]
[White "Valeinis, Janis"]
[Black "Gunnesdal, Lars"]
[Result "1/2-1/2"]
[WhiteElo "2177"]
[BlackElo "1715"]
[PlyCount "47"]

1. d4 Nf6 2. c4 c5 3. d5 b5 4. cxb5 a6 5. bxa6 Bxa6 6. Nc3 d6 7. e4 Bxf1 8.
Kxf1 g6 9. g3 Bg7 10. Kg2 Nbd7 11. h3 O-O 12. Nf3 Qa5 13. Re1 Rfb8 14. e5 dxe5
15. Nxe5 Nxe5 16. Rxe5 Rb7 17. Qe2 Kf8 18. Bg5 Ng8 19. Re4 Rab8 20. Nd1 Bxb2
21. Nxb2 Rxb2 22. Qe3 Qa7 23. Bh6+ Nxh6 24. Qxh6+ 1/2-1/2

[Event "DANMJ"]
[Site "?"]
[Date "1998.04.07"]
[Round "6"]
[White "Olsen, Anders"]
[Black "Berg-Jensen, Joachim"]
[Result "1/2-1/2"]
[WhiteElo "1764"]
[BlackElo "1632"]
[PlyCount "35"]

1. d4 d5 2. c4 e6 3. Nc3 Nf6 4. cxd5 exd5 5. Bg5 Be7 6. e3 O-O 7. Bd3 c6 8.
Nge2 8... Bg4 $6 {Det gir hvit litt for mange tempo.} 9. f3 Bh5 10. Nf4 Bg6 11.
Nxg6 hxg6 12. O-O Nbd7 13. Qe1 {Kanskje 13.e4 med kontroll i sentrum, eller 13.
Qc2, med planen a sette tarnene pa d1 og e1, for sa a spille e4 var en ide+}
13... Nh5 14. Bxe7 Qxe7 15. Qf2 Rae8 16. Rae1 Qg5 17. Kh1 f5 18. b4 1/2-1/2

[Event "DANMJ"]
[Site "?"]
[Date "1998.04.07"]
[Round "6"]
[White "Lie, Ole A."]
[Black "Hansen, Victor"]
[Result "1/2-1/2"]
[WhiteElo "1637"]
[BlackElo "1631"]
[PlyCount "33"]

1. d4 d5 2. Nf3 Nf6 3. Bg5 Ne4 4. Bh4 c5 5. dxc5 Qa5+ 6. c3 Qxc5 7. Nbd2 Bf5 8.
e3 Nc6 9. Be2 e6 10. O-O Be7 11. Bxe7 Qxe7 12. Nxe4 Bxe4 13. Bd3 Bxd3 14. Qxd3
O-O 15. Rfd1 Rfd8 16. Nd4 Rac8 17. Rac1 {Denne gangen boikotter vi "Remis-Ole",
og forlater dette partiet uten videre kommentarer.} 1/2-1/2

[Event "DANMJ"]
[Site "?"]
[Date "1998.04.07"]
[Round "6"]
[White "Vagle, Raymond"]
[Black "Svendsen, Bertil"]
[Result "1/2-1/2"]
[WhiteElo "1536"]
[BlackElo "1696"]
[PlyCount "30"]

1. e4 c5 2. c3 d5 3. exd5 Qxd5 4. d4 Nc6 5. Nf3 Bg4 6. Be2 e6 7. Be3 cxd4 8.
cxd4 Nf6 9. Nc3 Qd6 10. O-O Be7 11. h3 Bh5 12. Qd2 (12. Qb3 12... Qb4 $11) (12.
a3 O-O 13. Qb3 {Fulgt av Rfd1 er hvits beste mulighet til a fa fordel, men det
blir stort sett jevne partier. Hvits plan vil vare a fa gjort noe med sine
litt bedre koordinerte offiserer i ly av d-bonde, for svart far satt opp et
arsenal mot bonden. Da kan den nemlig bli svak i et middtspill og sluttspillet.
}) 12... O-O 13. a3 Rfd8 14. Rfd1 h6 15. Rac1 15... Bg6 {Spillerne ble enige
om remis her, og det er kanskje like greit. Svart vil bruke litt tid pa a
stille seg oppsom teorien sier mot isolanien, men kongefloyen hans er sikkert,
sa det blir vanskelig for hvit a fa til noe angrep.} 1/2-1/2

[Event "DANMJ"]
[Site "?"]
[Date "1998.04.07"]
[Round "6"]
[White "Pronstad, Thomas"]
[Black "Ovnerud, Thomas"]
[Result "1/2-1/2"]
[WhiteElo "1366"]
[BlackElo "1815"]
[PlyCount "80"]

1. e4 g6 2. d4 Bg7 3. Nf3 d6 4. c4 Nf6 5. Nc3 O-O 6. Be2 e5 7. O-O exd4 8. Nxd4
h6 9. Be3 Nc6 10. f3 Re8 11. Qd2 Kh7 12. Rad1 Ne5 13. b3 Bd7 14. Bd3 Nxd3 15.
Qxd3 a6 16. Nd5 Nxd5 17. exd5 Qh4 18. Rd2 Re7 19. Bf2 Qg5 20. Re1 Rxe1+ 21.
Bxe1 Re8 22. Bf2 Bh3 23. g3 h5 24. f4 Qd8 25. Nf3 Bf5 26. Qf1 Kg8 27. Re2 Rxe2
28. Qxe2 Bg4 29. Qe3 Bf6 30. Kg2 Qe7 31. Qxe7 Bxe7 32. Nd4 Bf6 33. Kf1 Bxd4 34.
Bxd4 Bf5 35. Ke2 Kf8 36. Ke3 Ke7 37. b4 Bb1 38. a4 Kd7 39. a5 c6 40. dxc6+ Kxc6
1/2-1/2

[Event "DANMJ"]
[Site "?"]
[Date "1998.04.07"]
[Round "6"]
[White "Heimreid, Ken-Ivar"]
[Black "Nilsen, Ole Tommy"]
[Result "1-0"]
[WhiteElo "1652"]
[BlackElo "1415"]
[PlyCount "39"]

1. e4 e5 2. f4 d5 3. exd5 Qxd5 (3... e4) 4. Nc3 Qa5 5. Bc4 Nc6 6. Nf3 Be7 7. d3
Bg4 8. O-O f5 9. Kh1 {Hvit har fatt kjempespill ut av apningen, og med dette
trekket vil ikke sorts dame fa mulighet til a sjakke seg ut av sin
deplassering.} 9... Nf6 (9... Nd4 10. fxe5 Bxf3 11. gxf3 11... Qxe5 {
var kanskje verdt et forsok.}) 10. Bd2 10... exf4 $4 11. Nd5 Qc5 (11... Nb4 12.
a3) (11... Bb4 12. Nxb4 Nxb4 13. a3) 12. b4 Bxf3 13. Qxf3 Qd6 14. Bxf4 14...
Ne5 $2 {Svart var tydeligvis redd for innslag pa c7, men dette blir verre.} 15.
Bxe5 Qxe5 16. Rae1 Qd6 17. Nxe7 Kd8 18. Qxb7 Qxe7 19. Qxa8+ Kd7 20. Rxe7+ {
En liten opptelling viser dronning, tarn og bonde over for hvit, pa tide a gi
opp for svart.} 1-0

[Event "DANMJ"]
[Site "?"]
[Date "1998.04.07"]
[Round "6"]
[White "Brakkan, Kolbjorn"]
[Black "Teigum, Amund"]
[Result "1/2-1/2"]
[WhiteElo "1678"]
[BlackElo "1016"]
[PlyCount "60"]

1. d4 e5 2. c3 e4 3. Bf4 d5 4. e3 {Partiet har plutselig blitt en Caro-Kann
med motsatte farger. Det forste problemet for svart, er at hvit har fatt et
tempo ekstra, mens det andre, er at Koklbjorn faktisk spiller Caro-Kann med
svart, men na ogsa med hvit!} 4... h5 5. h3 Bd6 6. Bxd6 Qxd6 7. Qa4+ c6 8. Qa3
Qc7 9. c4 Be6 10. Nc3 f5 11. cxd5 cxd5 12. Nb5 Qd7 13. Qd6 Na6 (13... Qxd6 14.
Nxd6+ Kd7 15. Nxb7 $18) 14. Qxd7+ $6 (14. Rc1 {opprettholder truslene.}) 14...
Kxd7 15. Rc1 Ne7 16. a3 Rhc8 17. Rxc8 17... Rxc8 {Etter unoyaktigheten i det
14.trekk, har hvit na kommet veldig pa defensiven, og henger etter i utvikling.
} 18. Kd2 Nc6 19. b4 Nc7 20. Nxc7 Kxc7 21. Ne2 21... Bf7 $6 (21... g5) 22. h4
$1 22... a5 23. b5 Nd8 24. Nf4 Kd6 25. Be2 g6 26. Rb1 $6 (26. Rc1 {med planen
m a bytte tarn virker bedre. Hvits springer er bedre enn svarts, for ikke a
snakke om loperen. Det er hvit som har fordelen i sluttspillet pgs fargene
bondene star pa.}) 26... b6 27. f3 Ne6 28. Nxe6 Bxe6 29. Rf1 $6 {
Igjen hadde hvit sjansen til a spille Rc1.} 29... Ke7 30. f4 30... Kf6 {
na nar svart med god hjelp av hvit har stengt stillingen helt, hjelper det
ikke lenger a bytte av tarn. Sluttspillet er nok remis allikevel.} 1/2-1/2

[Event "DANMJ"]
[Site "?"]
[Date "1998.04.07"]
[Round "6"]
[White "Angeltveit, Vigleik"]
[Black "Bjerke, Silje"]
[Result "1/2-1/2"]
[WhiteElo "1642"]
[BlackElo "1664"]
[PlyCount "78"]

1. e4 e6 2. d4 d5 3. exd5 exd5 4. c4 dxc4 5. Bxc4 Nf6 6. Nf3 Be7 7. O-O O-O 8.
Re1 c6 9. Qb3 b5 10. Be2 Be6 11. Qc2 Na6 12. Bd2 Rc8 13. a4 Nb4 14. Bxb4 Bxb4
15. Nc3 a6 16. axb5 axb5 17. Red1 {} 17... Nd5 (17... Qb6 {
For a sette tarnene i d-linja, og spille mot den isolerte bonden.}) 18. Ne4 Nf4
19. Bf1 Bf5 20. g3 Ne6 21. Nh4 Bxe4 22. Qxe4 Be7 23. Nf3 Ng5 24. Nxg5 Bxg5 25.
Bg2 (25. d5) 25... Bf6 (25... Re8 {mener Silje selv er en forbedring.}) 26.
Rac1 Re8 27. Qf3 Bxd4 28. Rxc6 Rxc6 29. Qxc6 Kf8 (29... Re6 $4 30. Rxd4) 30.
Qc2 Qf6 31. b3 g6 32. Bh3 b4 33. Rc1 Rd8 34. Qe2 Bc3 35. Rd1 Rxd1+ 36. Qxd1 Bd4
37. Qe2 Kg7 38. Bd7 Qd6 39. Bb5 Qf6 1/2-1/2

[Event "DANMJ"]
[Site "?"]
[Date "1998.04.07"]
[Round "6"]
[White "Ekeberg, Carl Fr."]
[Black "Breivik, Tallak H."]
[Result "1-0"]
[WhiteElo "1626"]
[BlackElo "1516"]
[PlyCount "53"]

1. e4 e5 2. Nf3 Nc6 3. Bb5 g6 4. O-O Bg7 5. d3 d6 6. h3 Nge7 7. Nc3 O-O 8. Qe2
h6 9. Re1 Be6 10. Be3 f5 11. exf5 Nxf5 12. Rad1 Nxe3 13. Qxe3 Qf6 14. Bxc6 bxc6
15. d4 Bxh3 16. dxe5 dxe5 17. Nxe5 17... Rae8 {} 18. Qxh3 Qxf2+ 19. Kh1 Rxe5
20. Rxe5 Bxe5 21. Qe6+ Kh7 22. Qxe5 Qh4+ 23. Qh2 Qf2 24. Qxc7+ Rf7 25. Qe5 Qxc2
26. Rd8 Rg7 27. Ne4 1-0

[Event "DANMJ"]
[Site "?"]
[Date "1998.04.07"]
[Round "6"]
[White "Ferkingstad, Trond"]
[Black "Ytteborg, Jan Henrik"]
[Result "0-1"]
[WhiteElo "1016"]
[BlackElo "1279"]
[PlyCount "66"]

1. e4 e5 2. Nf3 Nf6 3. Nc3 d6 4. Bc4 Be7 5. h3 Nc6 6. d3 Na5 7. Bb3 Nxb3 8.
axb3 Be6 9. Be3 a6 10. O-O h6 11. Ne2 g5 12. Ng3 Qd7 13. Nh2 Rg8 14. Nh5 O-O-O
15. c4 g4 16. Nxf6 Bxf6 17. Nxg4 Bxg4 18. hxg4 Rxg4 19. f3 Rg3 20. Bf2 Rg6 21.
Be1 Bg5 22. Bd2 Rdg8 23. Rf2 Bh4 24. Re2 h5 25. Be1 Qh3 26. Qc2 Bxe1 27. Raxe1
Qxf3 28. Rf1 Qg4 29. Rxf7 h4 30. Rh7 h3 31. Kh1 hxg2+ 32. Kg1 Qf4 33. Rxg2
Rxg2+ 0-1